000 00727cam a22001814a 4500
005 20250605164403.0
008 250528s ||||||||||||||||||||||||d
035 _a24693
040 _aGR-AtMCL
_bgre
_dGR-AtMCL
_eAACR2
245 1 _aΒαρδινογιάννης - Λάτσης / Μπροστά στη Νέα Πραγματικότητα
260 _bMotori Επε,
_c2020
300 _a46
520 _aΞέρετε τι Κάνουν τα Λεφτά σας οι Τράπεζες, Μέσα στο Μυαλό των Ολλανδών, Ο Επενδυτής ότι δεν Αγοράζει Μονοπώλιο.
700 1 _aΚανουπάκης Γιάννης
_99504
942 _cCR
999 _c9560
_d9560